Statistiken für Beste Bundesliga Vorlagengeber FC Bayern München

Klicken Sie hier um das Quiz zu spielen!

Allgemein

  • Dieses Quiz wurde 547 mal gespielt
    (224 seit der letzten Aktualisierung)
  • Das Durchschnittsergebnis liegt bei 27 aus 45

Antwortstatistiken

SaisonNationalitätVorlagenSpieler% Korrekt
2013/14Deutschland10Thomas Müller
99%
2021/22Deutschland18Thomas Müller
99%
2020/21Deutschland20Thomas Müller
99%
2019/20Deutschland21Thomas Müller
99%
2009/10Deutschland9Thomas Müller
99%
2017/18Deutschland14Thomas Müller
99%
2016/17Deutschland13Thomas Müller
99%
2014/15Deutschland11Thomas Müller
99%
2010/11Deutschland12Thomas Müller
99%
2011/12Frankreich15Franck Ribéry
91%
2010/11Frankreich12Franck Ribéry
91%
2007/08Frankreich8Franck Ribéry
91%
2012/13Frankreich15Franck Ribéry
91%
2013/14Frankreich10Franck Ribéry
91%
2022/23Deutschland12Jamal Musiala
83%
2018/19Deutschland16Joshua Kimmich
81%
2006/07Peru6Claudio Pizarro
78%
2015/16Brasilien11Douglas Costa
73%
2008/09Deutschland12Bastian Schweinsteiger
72%
2007/08Deutschland8Bastian Schweinsteiger
72%
2006/07Deutschland6Bastian Schweinsteiger
72%
1997/98Brasilien9Giovane Élber
63%
2000/01Bosnien und Herzegowina11Hasan Salihamidžić
59%
2006/07Bosnien und Herzegowina6Hasan Salihamidžić
59%
2004/05Niederlande13Roy Makaay
54%
2007/08Deutschland8Miroslav Klose
51%
1999/00Deutschland12Stefan Effenberg
47%
1991/92Deutschland7Stefan Effenberg
47%
1994/95Deutschland10Mehmet Scholl
46%
2001/02Deutschland7Mehmet Scholl
46%
1995/96Deutschland9Mehmet Scholl
46%
2002/03Brasilien10Zé Roberto
44%
2003/04Deutschland13Michael Ballack
41%
2005/06Frankreich9Willy Sagnol
41%
1998/99Deutschland9Carsten Jancker
38%
1996/97Deutschland10Jürgen Klinsmann
35%
1996/97Deutschland10Mario Basler
35%
1993/94Deutschland10Christian Ziege
17%
1988/89Deutschland11Olaf Thon
12%
1992/93Brasilien10Jorginho
10%
1991/92Deutschland7Bruno Labbadia
8%
1989/90Deutschland6Ludwig Kögl
5%
1989/90Deutschland6Hans Pflügler
4%
1989/90Deutschland6Hans Dorfner
3%
1990/91Deutschland11Manfred Bender
2%

Verteilung der Resultate

Perzentil nach korrekt beantworteten Fragen

Anzahl Personen mit jedem Resultat

Ihre Resultats-Entwicklung

Sie haben dieses Quiz seit der letzten Aktualisierung nicht gespielt